| 000 | 00592nam a22001937a 4500 | ||
|---|---|---|---|
| 003 | OSt | ||
| 005 | 20250620032813.0 | ||
| 008 | 250619b |||||||| |||| 00| 0 eng d | ||
| 020 | _a978-621-478-092-1 | ||
| 040 |
_aDWCL-Main Lib _cOC |
||
| 082 | _aFil. 700 C176i 2024 | ||
| 100 | _aCamboles, Myra F. | ||
| 245 |
_aIndigenous creative arts/ _cMyra F. Camboles |
||
| 260 |
_aManila, Philippines: _bEDRIC Publishing House, _cc2024. |
||
| 300 |
_a84 pages: _billustrations; _c21cm. |
||
| 504 | _aIncludes bibliographical references. | ||
| 650 | _a1. Ethnic art. | ||
| 942 |
_2ddc _cBK - FIL _kFil. _n0 |
||
| 999 |
_c3177 _d3177 |
||